00654nam a2200217Ia 4500003000400000005001700004008004100021020001500062040001800077041000800095082002000103100002600123245008100149250001200230260004600242300003000288650002400318650003600342650003600378700002200414OSt20251107115418.0210716s2004 xx 000 0 und d a1555583172 cAIMIT LIBRARY aeng a005.8 21bRITJ aRittinghouse, John W. aWireless operational security /cBy John W Rittinghouse and James F Ransome. a1st ed. aBoston :bElsevier Digital Press ,c2004. axxvi,468p. ;bPBc23.8 cm aSetting up defenses aWlan risk and threat mitigation aWlan risk and threat mitigation aRansome, James F.